Him & I - G-Eazy & Halsey - All Lyrics - Statistics

General Stats
  • This quiz has been taken 189 times
  • The average score is 509 of 716
Answer Stats
Answer % Correct
a
100%
(Ayy)
100%
(Ha-ha-ha)
100%
I
100%
I,
100%
(I
100%
Oh-oh-oh
100%
oh-woah
100%
yeah
100%
and
97%
And
97%
He
97%
he
97%
It's
97%
my
96%
My
96%
him
95%
Him
95%
love,
95%
love
95%
love;
95%
the
95%
In
94%
in
94%
lie
94%
never
94%
it,
93%
it
93%
it's
92%
to
91%
To
91%
die
89%
die,
89%
end,
89%
end
89%
lover,
88%
heart,
86%
hope
85%
I'll
85%
Cross
84%
go
84%
I'd
83%
that
82%
We
81%
we
81%
is
79%
mine
78%
said
77%
said,
77%
try
77%
"be
76%
be
76%
"Be
76%
“Be
76%
his
76%
his,
76%
got
74%
Got
74%
do
73%
crazy
72%
Crazy,
72%
(Crazy)
72%
true,"
72%
true,”
72%
who
71%
I'm
70%
I'ma
70%
swear
70%
Swear
70%
Swear,
70%
kind
69%
am
68%
of
68%
she
68%
She
68%
baby)
67%
so
67%
her
65%
her,
65%
head,
64%
me
64%
me,
64%
mind
64%
(You
64%
you
64%
You
64%
you,
64%
no
62%
would
62%
on
61%
down
59%
get
59%
He's
59%
wit'
59%
cheat,
58%
could
58%
Ever
58%
ever
58%
if
58%
If
58%
see
58%
See,
58%
out
57%
with
57%
but
56%
But,
56%
that's
55%
when
55%
from
53%
off
52%
this
52%
what
51%
bitch
50%
bitch,
50%
for
50%
For
50%
one
50%
then
50%
fuck
49%
Fuck
49%
just
49%
cut
48%
run
48%
don't
45%
keep
45%
know?)
45%
know?
45%
different
44%
different,
44%
guy
44%
ride
43%
up
43%
gon'
42%
They
42%
they
42%
died,
41%
hell
41%
us
41%
will
41%
had
40%
was
40%
Bonnie
39%
Clyde
39%
pain,
39%
tell
39%
like
38%
thang
38%
wanna
38%
can
37%
make
37%
not
37%
soldier
37%
take
37%
there
37%
all
36%
suffer?
36%
'til
36%
'Til
36%
together
36%
(Together),
36%
(Together)
36%
catch
34%
cheating,
34%
She'd
34%
ten
34%
world,
33%
or
32%
other
32%
rip
32%
touch
32%
living
31%
you'd
31%
2017
30%
gotta
30%
point
30%
rich,
30%
thing
30%
Wouldn't
30%
drugs
29%
fuckin'
29%
keeps
29%
mad,
29%
Only
29%
our
29%
shit,
29%
clubs
28%
getting
28%
knows
28%
time
28%
watch
28%
anyone
27%
dress
27%
each
27%
stubborn
27%
everybody
26%
Everybody
26%
Gemini
26%
Hit
26%
million
26%
nothing
26%
slip
26%
we'd
26%
body,
25%
both
25%
composure
25%
dollars
25%
drive
25%
goes
25%
life,
25%
over
25%
under
25%
whatever,
25%
'65
24%
cents
24%
divide
24%
gets
24%
I've
24%
lit
24%
pull
24%
Remember
23%
rubber
23%
sense
23%
Silk
23%
solid,
23%
until
23%
dense
22%
speeding
22%
style
22%
tie
22%
caught,
21%
funeral
21%
high
21%
let
21%
Mob
21%
black,
20%
mobbin'
20%
mobbin',
20%
most
20%
PCH,
20%
takes
20%
YSL
20%
collected,
19%
Intense,
19%
mink
19%
there's
19%
Calm
18%
solidify
18%
suits
18%
identify
17%
lied
17%
convince
16%
dressed
16%
Stay
16%
likely
15%
money,
15%
sever
13%
confide
9%
hiding,
8%
No matching quizzes found
Score Distribution
Percent of People with Each Score
Percentile by Number Answered
Your Score History
You have not taken this quiz